<?xml version="1.0" encoding="UTF-8"?><?xml-stylesheet type="text/xsl" href="static/style.xsl"?><OAI-PMH xmlns="http://www.openarchives.org/OAI/2.0/" xmlns:xsi="http://www.w3.org/2001/XMLSchema-instance" xsi:schemaLocation="http://www.openarchives.org/OAI/2.0/ http://www.openarchives.org/OAI/2.0/OAI-PMH.xsd"><responseDate>2026-04-13T13:19:23Z</responseDate><request verb="GetRecord" identifier="oai:www.recercat.cat:2117/449446" metadataPrefix="marc">https://recercat.cat/oai/request</request><GetRecord><record><header><identifier>oai:recercat.cat:2117/449446</identifier><datestamp>2026-03-09T05:11:54Z</datestamp><setSpec>com_2072_1033</setSpec><setSpec>col_2072_452950</setSpec></header><metadata><record xmlns="http://www.loc.gov/MARC21/slim" xmlns:dcterms="http://purl.org/dc/terms/" xmlns:xsi="http://www.w3.org/2001/XMLSchema-instance" xmlns:doc="http://www.lyncode.com/xoai" xsi:schemaLocation="http://www.loc.gov/MARC21/slim http://www.loc.gov/standards/marcxml/schema/MARC21slim.xsd">
   <leader>00925njm 22002777a 4500</leader>
   <datafield ind2=" " ind1=" " tag="042">
      <subfield code="a">dc</subfield>
   </datafield>
   <datafield ind2=" " ind1=" " tag="720">
      <subfield code="a">Ghedira, Wafa</subfield>
      <subfield code="e">author</subfield>
   </datafield>
   <datafield ind2=" " ind1=" " tag="720">
      <subfield code="a">Souissi, Marwa</subfield>
      <subfield code="e">author</subfield>
   </datafield>
   <datafield ind2=" " ind1=" " tag="720">
      <subfield code="a">Carrillo Navarrete, Fernando</subfield>
      <subfield code="e">author</subfield>
   </datafield>
   <datafield ind2=" " ind1=" " tag="720">
      <subfield code="a">Boudokhane, Chedly</subfield>
      <subfield code="e">author</subfield>
   </datafield>
   <datafield ind2=" " ind1=" " tag="720">
      <subfield code="a">Dhaouadi, Hatem</subfield>
      <subfield code="e">author</subfield>
   </datafield>
   <datafield ind2=" " ind1=" " tag="260">
      <subfield code="c">2025-12-09</subfield>
   </datafield>
   <datafield ind2=" " ind1=" " tag="520">
      <subfield code="a">This study explores the treatment of PET-based knitted fabric with beeswax, focusing on optimizing the application process and evaluating the resulting properties. Beeswax composition was characterized using Fourier-transform infrared spectroscopy (FTIR) and gas chromatography-mass spectrometry (GC–MS). An efficient coating method was developed, and the treated fabric's performance was assessed. A Box–Behnken experimental design optimized key parameters, including beeswax concentration, drying temperature, and curing temperature. The fabric underwent a detailed analysis of its morphological changes, colorimetric properties, and functional characteristics, including its contact angle and water resistance. Results showed the beeswax-treated fabric exhibited significant hydrophobicity, with a contact angle exceeding 100°, good wash and crock fastness, and excellent light fastness. Durability tests confirmed hydrophobicity remained acceptable, with a contact angle of 95°. Density functional theory (DFT) simulations further investigated molecular interactions between beeswax and PET-based textiles, providing strong evidence supporting treatment effectiveness. As a result, beeswax-treated knitted fabrics are ideal for diverse sectors, offering versatile opportunities for innovative textile product development</subfield>
   </datafield>
   <datafield ind2=" " ind1=" " tag="520">
      <subfield code="a">The authors would like to thank the Tunisian Ministry of Higher Education and Scientific Research for the financial support. This project is carried out under the MOBIDOC scheme, funded by The Tunisian Ministry of Higher Education and Scientific Research through the PromEssE project and managed by the ANPR (MOBIDOC N° 2019/522)</subfield>
   </datafield>
   <datafield ind2=" " ind1=" " tag="520">
      <subfield code="a">Postprint (author's final draft)</subfield>
   </datafield>
   <datafield tag="653" ind2=" " ind1=" ">
      <subfield code="a">Àrees temàtiques de la UPC::Enginyeria tèxtil::Teixits</subfield>
   </datafield>
   <datafield tag="653" ind2=" " ind1=" ">
      <subfield code="a">Beeswax</subfield>
   </datafield>
   <datafield tag="653" ind2=" " ind1=" ">
      <subfield code="a">PET</subfield>
   </datafield>
   <datafield tag="653" ind2=" " ind1=" ">
      <subfield code="a">Hydrophobic textiles</subfield>
   </datafield>
   <datafield tag="653" ind2=" " ind1=" ">
      <subfield code="a">Coating process</subfield>
   </datafield>
   <datafield tag="653" ind2=" " ind1=" ">
      <subfield code="a">Box–Behnken design</subfield>
   </datafield>
   <datafield tag="653" ind2=" " ind1=" ">
      <subfield code="a">Density functional theory (DFT)</subfield>
   </datafield>
   <datafield ind2="0" ind1="0" tag="245">
      <subfield code="a">Optimization of innovative beeswax coatings on knitted fabrics supported by DFT analysis</subfield>
   </datafield>
</record></metadata></record></GetRecord></OAI-PMH>